The CADCAM process. (Record no. 66987)

000 -LEADER
fixed length control field 00439nam a22001697a 4500
003 - CONTROL NUMBER IDENTIFIER
control field NUST - PNEC
005 - DATE AND TIME OF LATEST TRANSACTION
control field 20170116181009.0
008 - FIXED-LENGTH DATA ELEMENTS--GENERAL INFORMATION
fixed length control field 150912b xxu||||| |||| 00| 0 eng d
020 ## - INTERNATIONAL STANDARD BOOK NUMBER
International Standard Book Number 0273025724
040 ## - CATALOGING SOURCE
Transcribing agency LIBRARY
082 ## - DEWEY DECIMAL CLASSIFICATION NUMBER
Classification number 670.427 HAW
100 ## - MAIN ENTRY--PERSONAL NAME
9 (RLIN) 9982
Personal name Hawkes, Barry
245 ## - TITLE STATEMENT
Title The CADCAM process.
Statement of responsibility, etc. Barry Hawkes
260 ## - PUBLICATION, DISTRIBUTION, ETC.
Date of publication, distribution, etc. c.1988
650 ## - SUBJECT ADDED ENTRY--TOPICAL TERM
9 (RLIN) 9985
Topical term or geographic name entry element Manufacturing processes--Data processing
General subdivision MIS
942 ## - ADDED ENTRY ELEMENTS (KOHA)
Source of classification or shelving scheme
Koha item type Book
Holdings
Withdrawn status Lost status Source of classification or shelving scheme Damaged status Not for loan Permanent Location Current Location Shelving location Date acquired Total Checkouts Full call number Barcode Date last seen Price effective from Koha item type
          Pakistan Navy Engineering College (PNEC) Pakistan Navy Engineering College (PNEC)       670.427 HAW PNECLIB-013835 09/12/2015   Book
          Pakistan Navy Engineering College (PNEC) Pakistan Navy Engineering College (PNEC)       670.427 HAW PNECLIB-012362 09/13/2015   Book
© 2023 Central Library, National University of Sciences and Technology. All Rights Reserved.